| 000 | 00720nam a2200229 a 4500 | ||
|---|---|---|---|
| 005 | 20221123063743.0 | ||
| 008 | 170614s2015 mx r 000 0 spa d | ||
| 020 | _a9786070264252 | ||
| 035 | _aUPN01000218719 | ||
| 049 | _aCG | ||
| 050 | 4 |
_aHM1271 _bA4.6 |
|
| 100 | 1 |
_aAlcalá Campos, Raúl, _d1954- _940527 |
|
| 245 | 1 | 0 |
_aPluralismo y diversidad cultural / _cRaúl Alcalá Campos. |
| 260 |
_aMéxico : _bUNAM, _c2015. |
||
| 300 | _a158 p. | ||
| 440 | 0 |
_aColección del Seminario de Investigación sobre Sociedad del Conocimiento y Diversidad Cultural ; _v6 |
|
| 650 | 2 |
_aPluralismo intercultural _91176 |
|
| 650 | 4 |
_aPluralismo cultural _947427 |
|
| 905 | _aLibro | ||
| 999 |
_c190819 _d190819 |
||